ការចិញ្ចឹម និងភ្ញាស់ត្រិឆ្ពឹន (Record no. 3533)

000 -LEADER
fixed length control field 00470nam a22001577a 4500
003 - CONTROL NUMBER IDENTIFIER
control field OSt
005 - DATE AND TIME OF LATEST TRANSACTION
control field 20151117145230.0
008 - FIXED-LENGTH DATA ELEMENTS--GENERAL INFORMATION
fixed length control field 151117b xxu||||| |||| 00| 0 eng d
040 ## - CATALOGING SOURCE
Transcribing agency RUA
082 ## - DEWEY DECIMAL CLASSIFICATION NUMBER
Classification number FIS ស៊ិន 1991 B145 Or.1
100 ## - MAIN ENTRY--PERSONAL NAME
9 (RLIN) 3800
Personal name ស៊ិន វាសនា
245 ## - TITLE STATEMENT
Title ការចិញ្ចឹម និងភ្ញាស់ត្រិឆ្ពឹន
260 ## - PUBLICATION, DISTRIBUTION, ETC. (IMPRINT)
Place of publication, distribution, etc. Phnom Penh
Name of publisher, distributor, etc. RUA
Date of publication, distribution, etc. 1991
300 ## - PHYSICAL DESCRIPTION
Extent 70p.
Other physical details ill.
Dimensions 29cm.
942 ## - ADDED ENTRY ELEMENTS (KOHA)
Source of classification or shelving scheme
Koha item type FIS
Holdings
Price effective from Date last seen Permanent Location Not for loan Date acquired Source of classification or shelving scheme Koha item type Lost status Withdrawn status Date last checked out Total Checkouts Shelving location Damaged status Barcode Current Location Full call number
2015-11-172016-11-23Library Block B 2015-11-17 FIS  2016-10-252B145 RUA012327Library Block BFIS ស៊ិន 1991 B145 Or.1
មជ្ឈមណ្ឌលឯការនៃសាកលវិទ្យាល័យភូមិន្ទកសិកម្មចំការដូង

Powered by Koha